000 01942nam a2200373 i 4500
001 193230
003 SpMaBN
005 20250712063135.0
007 ta
008 230511s2023 sp | |||| 000 j spa
017 _aB 2834-2023
_bOficina Depósito Legal Barcelona
020 _a9788419437365
035 _aa7284294
040 _aSpMaBN
_bspa
_cSpMaBN
_erda
080 _a821.134.2-32"19"
100 1 _aAlmodóvar, Pedro,
_d1949-
_4aut
_eaut
_920157
245 1 3 _aEl último sueño /
_cPedro Almodóvar
250 _aPrimera edición, primera reimpresión: abril de 2023
264 1 _a[Barcelona]
_bReservoir Books,
_c2023
300 _a202 páginas ;
_c23 cm
336 _aTexto
_2rdacontent
337 _asin mediación
_2rdamedia
338 _avolumen
_2rdacarrier
500 _aÍndice
520 _aEl libro más personal de Pedro Almodóvar: un autorretrato articulado en doce relatos que revelan su pasión secreta por la escritura "Un libro de hallazgos. Que Almodovar era un gran escritor ya lo sabía, sólo hacía falta descubrir desde cuando. De la infancia hasta anteayer, su escritura nos lleva de la mano por un bosque sorprendente. Nacer al reves, (al final), y vivir para atrás es sólo uno de sus talentos. Hay más, avanzar tambien como un tranvía (de deseo). Al leer estos relatos uno no sabe si ha sido invitado a su cabeza o a su alma. En cualquier caso, es un regalo. Y una dulce intromisión". Ray Loriga
655 7 _aCuentos
_9226829
852 _aES-MaACL
_bR. 154629
_cDEPOJ
_hDonación: Pedro Almodóvar
_9200652
_jN-9393
_x Encuadernación rústica con solapas
903 _920157
_aAlmodóvar, Pedro,
_d1949-
_ednr
942 _n0
_cMONOGRAFIA
999 _c193230
_d193230